Outlines for Bible classes. (Record no. 3776)

000 -LEADER
fixed length control field 00564nam a2200181 a 4500
001 - CONTROL NUMBER
control field :::00001511$&:&@@
003 - CONTROL NUMBER IDENTIFIER
control field OkBaRHE
005 - DATE AND TIME OF LATEST TRANSACTION
control field 20000607103244.0
008 - FIXED-LENGTH DATA ELEMENTS--GENERAL INFORMATION
fixed length control field s1898 j 000 0 eng u
040 ## - CATALOGING SOURCE
Transcribing agency
100 1# - MAIN ENTRY--PERSONAL NAME
Personal name Marshman, Mrs.
245 10 - TITLE STATEMENT
Title Outlines for Bible classes.
260 ## - PUBLICATION, DISTRIBUTION, ETC. (IMPRINT)
Place of publication, distribution, etc London, UK:EN., :
Name of publisher, distributor, etc John F. Shaw and Co.
Date of publication, distribution, etc 1898
300 ## - PHYSICAL DESCRIPTION
Extent 125 p. : illus. ;
Dimensions 18 cm.
650 ## - SUBJECT ADDED ENTRY--TOPICAL TERM
Topical term or geographic name as entry element Bible
General subdivision Study
-- Outlines, Syllabi, etc.
942 ## - ADDED ENTRY ELEMENTS (KOHA)
Source of classification or shelving scheme
Koha item type Books
Copies
Full call number Not for loan Damaged status Copy number Barcode Shelving location Source of classification or shelving scheme Date acquired Price effective from Date last seen Withdrawn status Permanent Location Koha item type Lost status
BS 591 .M286  11511General Stacks 2010-04-142010-04-142018-03-12 RHEMA Bible Training CollegeBooks